MDQL
is popping MORE tags! Check the
thread
!
Quizzes
Events
Quiz Creation
Community
Videos
Private Events
Remove Ads
Sign In
Join for FREE
Feedback
Dark Mode
Quiz Categories
Sports
Geography
Music
Movies
Television
Just For Fun
Miscellaneous
History
Literature
Language
Science
Gaming
Entertainment
Religion
Holiday
For Kids
Quiz Lab
Recent
Popular Today
Quiz Kudos Today
Editor Picks
Curator Picks
Quizzes by...
Day
Popularity
Type
Ratings
Length
Year
Community
Subscriptions
Recent Discussions
Orange Saloon
Badges
Playlists
Quests
Create
Leaderboards
Showdown
Live 5
Trivia Bingo
Activity
Puzzle Library
Sporcle Events
Private Events
Virtual Trivia
Globe League
Become a Host
Pub Owners
SporcleCon
Opinionation
Our Games
Videos
Blog
Mobile Apps
Partnerships
Remove Ads and Go Orange
Feedback
Sports
Athletes
MLB
NBA
NHL
NFL
Soccer
Sports Teams
WWE
NCAA
Football
Premier League
Basketball
Baseball
Hockey
Golf
Tennis
Cricket
Rugby
Auto Racing
Olympics
World Cup
Sports
Athletes
MLB
NBA
NHL
NFL
Soccer
Sports Teams
WWE
NCAA
Football
Premier League
Basketball
Baseball
Hockey
Golf
Tennis
Cricket
Rugby
Auto Racing
Olympics
World Cup
Random Quiz
Search Sporcle
×
Quiz Lab
Quiz Lab
Sports
NBA
Type in answers that appear in a list
Type in answers that appear in a list
Classic
Best Score? Go Orange.
NBA Starting Point Guards by team (2010-2011 season) Stats
Can you name the NBA Point Guards by team (2010-2011 season)?
By
jweller24
6m
30 Questions
306 Plays
306 Plays
306 Plays
Comments
Comments
Give Quiz Kudos
Give Quiz Kudos
-
- Ratings
hide this ad
More Info
Replay
Link that replays current quiz
Next Quiz
Link to next quiz in quiz playlist
You Got
0%
They Got
Avg Score
80%
Avg Friend Score
Upgrade to see
Score Distribution
Jump to the score distribution portion of the page
Score
0/30
Timer
06:00
0
Plays Today
TEAM
POINT GUARDS
% Correct
Boston Celtics
Rajon Rondo
96.7%
Chicago Bulls
Derrick Rose
96.7%
Dallas Mavericks
Jason Kidd
91.8%
New Jersey Nets
Deron Williams
91.8%
New Orleans Hornets
Chris Paul
91.8%
L.A. Clippers
Mo Williams
90.8%
Phoenix Suns
Steve Nash
90.8%
Oklahoma City Thunder
Russell Westbrook
89.5%
Golden State Warriors
Stephen Curry
89.2%
L.A. Lakers
Derek Fisher
88.9%
Miami Heat
Mike Bibby
88.6%
San Antonio Spurs
Tony Parker
88.2%
Washington Wizards
John Wall
85.9%
Orlando Magic
Jameer Nelson
85.6%
New York Knicks
Chauncey Billups
84%
TEAM
POINT GUARDS
% Correct
Milwaukee Bucks
Brandon Jennings
83%
Memphis Grizzlies
Mike Conley
80.4%
Denver Nuggets
Ty Lawson
79.7%
Cleveland Cavilers
Baron Davis
78.1%
Detroit Pistons
Rodney Stuckey
76.8%
Utah Jazz
Devin Harris
74.2%
Philadelphia 76ers
Jrue Holiday
73.5%
Portland Trail Blazers
Andre Miller
72.5%
Sacramento Kings
Tyreke Evans
72.2%
Toronto Raptors
Jose Calderon
71.9%
Charlotte Bobcats
D.J. Augustin
67.6%
Indiana Pacers
Darren Collison
65.7%
Minnesota Timberwolves
Johnny Flynn
59.2%
Houston Rockets
Kyle Lowry
56.9%
Atlanta Hawks
Joe Johnson
53.6%
Quiz Playlist
Details
Report
Send in Message
Add To Playlist
More Info:
Can you name the NBA point guars by team from the current season?
Classic:
Type in answers that appear in a list
Quiz Source
Last Updated: Feb 16, 2017
Quiz Scoreboard
CHALLENGE
Sign Up to Join the Scoreboard
Show All
Scores
Hide
Comments
May contain spoilers
Recently Published
Holiday 10x10 Sorting Gallery
by lukepisani3
Holiday
15m
Two Season TV Shows II
by 123Four
Television
10m
Image Sorting: Flags VI
by Barbecue
Geography
2m
More to Explore
Quiz From the Vault
Featured Blog Post
14 Easter Pick-up Lines to Find Eggs With
hide this ad
You Might Also Like...
Tags
Basketball Quiz
NBA Quiz
2010-2011
guard
point
season
team
Today's Top Quizzes in Sports
Browse Sports
hide this ad
Today's Top Quizzes in NBA
Browse NBA
Top Contributed Quizzes in Sports
1
Les meilleurs buteurs des matchs entre le PSG et l’OM
2
Les entraîneurs de l'OM et du PSG au 21e siècle
3
2022 World Cup Stars
4
Les joueurs passés par le PSG et l'OM
5
Players with Multiple 50 Home Run Seasons
6
FIFA Club World Cup Champions
7
Top 10 NHL Goal Scorers of All Time
8
Les joueurs passés par le LOSC et le RC Lens
9
Criteria MLB: Left Handed Sluggers
10
2023 MLB Unique Player Accomplishments
Explore More
Trending Topics
Harry Potter
Disney
Anime
Kpop
Crossword
NBA
Marvel
Song
NFL
Country
Puzzle
WWE
Pokémon
The Office
Soccer
hide this ad
More By:
jweller24
Quiz
Plays
Rating
Category
Featured
Created
Top 50 2011 NBA Regular Season Scoring Averages
9,540
4.33
Sports
May 1, 2011
2008-2010 Lakers Championship Rosters
750
2.60
Sports
Apr 2, 2011
NBA Slam Dunk Contest Winners
467
2.75
Sports
Mar 9, 2011
The Quiz just about Kobe Bryant
433
3.50
Sports
Apr 11, 2011
NBA Defensive Player Of the Year
343
3.75
Sports
Mar 26, 2011
Go to Creator's Profile
Score Distribution
Quiz Creator Spotlight
jweller24
Follow
Send a Message
Quizzes Created
-
Created Quiz Play Count
-
More By This Creator
Popular Quizzes Today
1
Find the US States - No Outlines Minefield
2
Colored Red Africa Blitz
3
Find the 'City' Movie
4
The Countries of the World
5
5x2 Blitz: Bands
6
Find the US States
7
Find the Countries of Europe - No Outlines Minefield
8
US States
More Sports Quizzes
MLB MVP Reveal (2000-Present) X
Quiz Lab
Trending Quizzes
Colored Red Europe Blitz I
Colored Red Europe Blitz II
Colored Red Africa Blitz II
Colored Red Europe Blitz III
Colored Red Africa Blitz III
Recently Updated
Odd Team Out - Big 4 Players
pecheneg
Quick Pick: 20 Twenties
pecheneg
March Madness Men's Triple Doubles
pecheneg
How Do You Spell That?
pecheneg
Godzilla Movies
pecheneg
Grab Bag: 4-10 Letters
pecheneg
2024 March Madness Bracket
pecheneg
Famous TV Couples
Peacemaker
Champions League XIs: Real Madrid
pecheneg
Largest US Cities 1790-2010
pecheneg
Trending Topics
Marvel
Kpop
Anime
Disney
NBA
Harry Potter
Crossword
Country
Soccer
WWE
Pokémon
The Office
Song
Puzzle
NFL
Your Account Isn't Verified!
In order to create a playlist on Sporcle, you need to verify the email address you used during registration. Go to your
Sporcle Settings
to finish the process.
Report this User
Report this user for behavior that violates our
Community Guidelines
.
Details:
Send Report
Go to the Sporcle.com Mobile Site →
Comments